000 00379nam a2200145Ia 4500
008 220217s9999||||xx |||||||||||||| ||und||
020 _a81-7808-876-2
082 _a621.395 FLO
100 _aFloyd, L
_93112
245 0 _aDigital fundamentals
250 _a8th
260 _aPearson education
_bNew Delhi
_c2003
300 _b350
650 _aDIGITAL DESIGN/LOGIC DESIGN
999 _c170843
_d170843